000 00799nam a2200229 i 4500
001 bg
100 1 _aRYDLEWSKI, Mieczysław
245 1 0 _aBudownictwo ogólne uprzemysłowione /
_cMieczysław Rydlewski.
260 _aKraków :
_bPK,
_c1994.
300 _a454 s. :
_brys. ;
_c24 cm.
490 1 _aMonografia / Politechnika Krakowska im. Tadeusza Kościuszki. Inżynieria Lądowa,
_x0860-097X ;
_v167
504 _aBibliogr. s. 448-451. - Summ., Zsfassung.
650 9 _aPrefabrykaty
_xstosowanie
650 9 _aBudownictwo
650 9 _aKonstrukcje budowlane
830 0 _aMonografia (Politechnika Krakowska im. Tadeusza Kościuszki).
_pInżynieria Lądowa
040 _cBPK
041 0 _apl
_bende
080 _a69.057:692:624.07
942 _cKS
008 s pl f |000 0 pol
999 _c30248
_d30248
856 _uhttp://koha.tu.koszalin.pl/cgi-bin/koha/opac-detail.pl?biblionumber=30248
_yKatalog online BPK